The Life and Work of Queen Elizabeth II - Statistics

General Stats
  • This quiz has been taken 35 times
  • The average score is 51 of 70
Answer Stats
Question Answer % Correct
Princess Elizabeth was born 21st April 1926 in which city? London
100%
What was the name of their first child, born in 1948? Prince {Charles}
91%
What was the name of their only daughter, born in 1950? Princess {Anne}
91%
What was the name of her younger sister, born in 1930? Princess {Margaret}
91%
In 1997 she made a live TV address about whose death? Diana, Princess of Wales
88%
Who did her grandson, Prince Harry, marry in 2018? Meghan Markle
88%
At 18 she was given her first dog, of which breed? Pembroke Corgi
88%
What is the name of her third child, born in 1960? Prince {Andrew}
88%
What was the name of her fourth child, born in 1964? Prince {Edward}
88%
Which of her children, in 1973, was the first to marry? Princess Anne
88%
In which London place of worship did they marry? Westminster Abbey
88%
In which year Elizabeth become Queen? 1952
84%
She tested positive for which virus in a February 2022? COVID-19
84%
In 2002 she celebrated how many years on the throne? Fifty
84%
He was a Prince of Denmark and which other country? Greece
84%
Whose abdication in 1936 made her heir presumptive? King {Edward VIII}
84%
Her father rules under which rental name? King {George VI}
84%
By which nickname was she known by her close family? Lilibet
84%
In 2012 she opened the Summer Olympics, in which city? London
84%
She appeared in a short sketch with which fictional bear? Paddington
84%
Which of her children served during The Falklands War? Prince Andrew
84%
Which is her only child, to date, not to have divorced? Prince Edward
84%
Which title was officially bestowed on Charles in 1969? Prince of Wales
84%
Which ancestor had previously held that title? Queen Victoria
84%
Whom did he go on to marry in 1986? Sarah Ferguson
84%
What name was given to that year’s jubilee celebrations? The {Golden} Jubilee
84%
In which place of worship did her funeral take place? Westminster Abbey
84%
She joined the Auxiliary Territorial Service in which war? World War II
84%
She married Philip Mountbatten in which year? 1947
81%
What title was he granted on the day of their wedding? Duke of {Edinburgh}
81%
What title was her mother publicly known by, from 1952? Queen Elizabeth, The Queen Mother
81%
In 2022 she marked a record how many years as Queen? Seventy
81%
Who was British Prime Minister at the time? Sir Winston Churchill
81%
In which place of worship did the coronation take place? Westminster Abbey
81%
In which year did she celebrate her Silver Jubilee? 1977
78%
What title did she grant him, in advance of his marriage? Duke of {Sussex}
78%
What title did the Queen grant him on their wedding day? Duke of {York}
78%
Which titles was he granted on their wedding day? Earl of {Wessex}
78%
She appeared in a sketch with which fictional man? James Bond
78%
They lived on which Mediterranean island in 1949? Malta
78%
Who did her youngest son marry in 1999? {Sophie} Rhys-Jones
78%
She agreed to start paying what, from 1993 onwards? Tax
78%
Who is her eldest grandchild? Peter Phillips
75%
In which TV show did Claire Foy play the young queen? The Crown
75%
Which branch of the British military was he serving in? The Royal Navy
75%
Which year did the Queen say was an ‘Annus horribilis’? 1992
72%
In which year did she celebrate her diamond wedding? 2007
72%
In which year did she become the UK’s longest reigning monarch? 2015
69%
On 8th September 2022 she died peacefully where? {Balmoral} Castle
69%
Which 2006 film portrayed the events of 1997? The Queen
69%
A fire in which building was one of that year’s sad events? Windsor Castle
69%
Who is her eldest granddaughter, born in 1981? Zara Tindall (née Phillips)
69%
At which residence did she often spend late summer? Balmoral Castle
66%
Who won a Best Actress Oscar in 2007 for playing her? Helen Mirren
66%
What name was given to the jubilee to celebrate this? The {Platinum} Jubilee
66%
Which title did she bestow upon her daughter in 1987 The Princess Royal
66%
Which London building became their official residence? {Clarence} House
63%
In which country was she informed of her father’s death? Kenya
63%
In 1976 she officially opened which city’s Olympics? Montreal
56%
Where did the Queen normally spent Christmas? {Sandringham} House
56%
Who was her first great grandchild, born in 2010? Savannah Phillips
53%
In later seasons, who would play her in middle age? Olivia Colman
50%
In which English county is it located? Norfolk
41%
In 1957 whom did she choose as the new Prime Minister? Harold Macmillan
38%
In 1963, whom did she choose as the new Prime Minister? Sir Alec Douglas-Home
38%
In 2022 she opened which new rail & rapid transit service? The Elizabeth Line
34%
In 2021 she awarded the George Cross to which organisation? The NHS
34%
Who designed her coronation dress? Norman Hartnell
28%
Aged 21 she made a radio broadcast from which city? Cape Town
25%
In 1940 she spoke on which BBC radio programme? Children’s Hour
22%
No matching quizzes found
Score Distribution
Percent of People with Each Score
Percentile by Number Answered
Your Score History
You have not taken this quiz